ბათუმის შოთა რუსთაველის სახელმწიფო უნივერსიტეტის ბიბლიოთეკა

Парфия и Рим : (ბიბ.ჩანაწერი № 61032)

000 -LEADER
fixed length control field 00969nam a22001817a 4500
005 - DATE AND TIME OF LATEST TRANSACTION
control field 20231208170901.0
008 - FIXED-LENGTH DATA ELEMENTS--GENERAL INFORMATION
fixed length control field 231208s1966 ru ||||| |||| 00| 0 rus d
041 ## - LANGUAGE CODE
Language code of text/sound track or separate title rus
080 ## - UNIVERSAL DECIMAL CLASSIFICATION NUMBER
Universal Decimal Classification number 94(37) Б-78
100 ## - MAIN ENTRY--PERSONAL NAME
Personal name Бокщанин, А. Г.
9 (RLIN) 20642
245 ## - TITLE STATEMENT
Title Парфия и Рим :
Remainder of title (Исследование о развитии междунар. отношений позднего периода истории античного мира) Ч. 2. Система политического дуализма в передней Азии /
Statement of responsibility, etc. А. Г. Бокщанин.
264 ## - PRODUCTION, PUBLICATION, DISTRIBUTION, MANUFACTURE, AND COPYRIGHT NOTICE
Place of production, publication, distribution, manufacture Москва :
Name of producer, publisher, distributor, manufacturer Изд-во Моск. ун-та,
Date of production, publication, distribution, manufacture, or copyright notice 1966.
300 ## - PHYSICAL DESCRIPTION
Extent 302 с.:
Other physical details ил.;
Dimensions 22 см.
653 ## - INDEX TERM--UNCONTROLLED
keyword პართია და რომი
653 ## - INDEX TERM--UNCONTROLLED
keyword პოლიტიკური სისტემის გაჩენა. დუალიზმი დასავლეთ აზიაში
653 ## - INDEX TERM--UNCONTROLLED
keyword ისტორია
942 ## - ADDED ENTRY ELEMENTS (KOHA)
Source of classification or shelving scheme
Koha item type წიგნი
ეგზემპლარები
Withdrawn status Lost status Source of classification or shelving scheme Damaged status Not for loan Permanent Location Current Location Shelving location Date acquired Cost, normal purchase price Full call number Barcode Date last seen Copy number Uniform Resource Identifier Price effective from Koha item type Public note
          ბათუმის შოთა რუსთაველის სახელმწიფო უნივერსიტეტის მთავარი ბიბლიოთეკა ბათუმის შოთა რუსთაველის სახელმწიფო უნივერსიტეტის მთავარი ბიბლიოთეკა წიგნსაცავი 2023-12-08 7.00 94(37) Б-78 65558 2023-12-08 65558 ბსუ-ს საპატიო დოქტორის გურამ ლორთქიფანიძის საჩუქარი 2023-12-08 წიგნი 7 ლ.